| 000 | 00493nmm a2200169Ia 4500 | ||
|---|---|---|---|
| 008 | 251105s9999||||xx |||||||||||||||||und|| | ||
| 020 | _a9788446046424 | ||
| 041 | _aspa | ||
| 100 | _aAdorno, Theodor W. | ||
| 245 | 0 | _aSobre la metacrítica de la teoría del conocmiento | |
| 264 |
_a[Madrid, España] : _bAkal, _c2012 |
||
| 300 | _a352 páginas | ||
| 490 | _aBásica de Bolsillo | ||
| 650 | _aPhilosophy, Ethics | ||
| 856 | _uhttps://public.digitaliapublishing.com/a/55165 | ||
| 942 | _cCF | ||
| 999 |
_c83140 _d83140 |
||